000 00514nam a2200145 4500
999 _c512564
_d512564
008 191129b ||||| |||| 00| 0 eng d
100 _aRao, Velcheru Narayana
_914046
245 _aBy way of an introduction: Innovations in Telugu cultural history
260 _bIndian Economic and Social History Review
300 _a56(3), Jul-Sep, 2019: p.247-251.
650 _aCultural history - India - Telugu
_914047
773 _a Indian Economic and Social History Review
906 _aCultural history
942 _cAR